| 000 | 00757cam a2200265 4500 | ||
|---|---|---|---|
| 008 | 010921n2001 000 0 eng u | ||
| 020 | _a0415262186 | ||
| 022 | _a0957171X | ||
| 035 | _a(Sirsi) u114765 | ||
| 050 | _a624.05 | ||
| 110 |
_aDavis Langdon and Everest _91155 |
||
| 245 | _aSpon's civil engineering and highway works price book 2002 | ||
| 250 | _a16th ed. | ||
| 260 |
_aLondon _bSpon Press _c2001 |
||
| 300 |
_axxxii,676p. _c24cm. |
||
| 350 | _a120.00 | ||
| 520 | _aReference CD-ROM (CD622). | ||
| 650 | _aBUILT ENVIRONMENT-BUILDING COSTS | ||
| 650 | _aCIVIL ENGINEERING | ||
| 650 | _aHIGHWAY WORKS | ||
| 650 | _aBUILDING PRICE BOOKS | ||
| 650 | _aSPONS PRICE BOOKS | ||
| 690 | _aBUILT ENVIRONMENT-BUILDING COSTS | ||
| 942 | _n0 | ||
| 999 |
_c101668 _d101668 |
||